000 01711cam a2200157 4500500
005 20260208010432.0
041 _afre
042 _adc
100 1 0 _aCarruthers, Leo
_eauthor
245 0 0 _aApproches techniques littéraires et historiques. iie Journée d’études anglo-normandes. Organisée par l’Académie des Inscriptions et Belles-Lettres, Palais de l’Institut, 21 mai 2010, éd. André Crépin, Jean Leclant, Paris, Académie des Inscriptions et Belles-Lettres (Diff. De Boccard), 2012 ; 1 vol., 177 p. ISBN : 978-2-87754-268-5. Prix : € 30,00
260 _c2014.
500 _a96
520 _aThe Franciscans in the Mamluk Sultanate from 1330 to 1516With the fall of the Latin States in the East in 1291, the Franciscans found refuge in Cyprus. However, as soon as the time seemed propitious, they called on the Papacy to help them get back their homes in Syria. In 1333, they returned to the Holy Land and Beirut for good. The Mamluk sultans granted them privileges, which insured their protection, and maintained conditions that allowed them to accomplishing their duties without hindrance. The European powers also supported the presence of the Franciscans in the East, because it often strengthened their interests and objectives, as different as these may have been. This paper studies the question of the Franciscan presence in the Mamluk sultanate during the fourteenth to fifteenth centuries; their role in the organization of pilgrimages; and their relationship with city authorities.
786 0 _nLe Moyen Age | CXX | 1 | 2014-07-31 | p. XXXIV-XXXIV | 0027-2841
856 4 1 _uhttps://shs.cairn.info/revue-le-moyen-age-2014-1-page-XXXIV?lang=fr&redirect-ssocas=7080
999 _c1656538
_d1656538